ˆDie ‰röntgenologischen Schwangerschaftsaufnahmen an der Königsberger Universitäts-Frauenklinik in den Jahren 1932-1937 unter besonderer Berücksichtigung der Darstellung des Foetus mortuus (Запись № 10516438)

Подробности
000 -МАРКЕР
контрольное поле 01526nam0a22003251 4500
001 - ИДЕНТИФИКАТОР ЗАПИСИ
контрольное поле RU\INFOCOMM_322\NLR\5000248672
005 - ИДЕНТИФИКАТОР ВЕРСИИ
контрольное поле 20250614080146.0
035 ## - ДРУГИЕ СИСТЕМНЫЕ НОМЕРА
Идентификатор записи (NLR Aleph) 010594914
100 ## - ДАННЫЕ ОБЩЕЙ ОБРАБОТКИ
Данные общей обработки 20130320d1938 |||y0rusy50 ca
101 0# - ЯЗЫК РЕСУРСА
Язык текста, звукозаписи и т.д. немецкий
102 ## - СТРАНА ПУБЛИКАЦИИ ИЛИ ПРОИЗВОДСТВА
Страна публикации Российская Федерация
105 ## - ПОЛЕ КОДИРОВАННЫХ ДАННЫХ: ТЕКСТОВЫЕ МАТЕРИАЛЫ, МОНОГРАФИЧЕСКИЕ
Кодированные данные о монографическом текстовом документе y z||||
200 1# - ЗАГЛАВИЕ И СВЕДЕНИЯ ОБ ОТВЕТСТВЕННОСТИ
Основное заглавие ˆDie ‰röntgenologischen Schwangerschaftsaufnahmen an der Königsberger Universitäts-Frauenklinik in den Jahren 1932-1937 unter besonderer Berücksichtigung der Darstellung des Foetus mortuus
Сведения, относящиеся к заглавию Inaug.-Diss. zur Erlangung des Doktorgrades an der ... Univ. zu Königsberg (Pr)
Первые сведения об ответственности vorgelegt von Wolfgang Pieper ...
Последующие сведения об ответственности Aus der Univ. Frauenklinik zu Königsberg (Pr)
210 ## - ПУБЛИКАЦИЯ, РАСПРОСТРАНЕНИЕ И ДР.
Место издания, распространения и т.д. Königsberg (Pr.)
Дата издания, распространения и т.д. 1938
215 ## - ФИЗИЧЕСКАЯ ХАРАКТЕРИСТИКА
Специфическое обозначение материала и объем 27 с., 1 л. табл.
Другие сведения о физической характеристике табл.
Размеры 20 см
316 ## - ПРИМЕЧАНИЯ ОБ ОСОБЕННОСТЯХ ЭКЗЕМПЛЯРА
Текст примечания Приплетено к: Mehring, W. Über Alkoholhalluzinosen. Königsberg Pr., 1938
320 ## - ПРИМЕЧАНИЯ О НАЛИЧИИ В ДОКУМЕНТЕ БИБЛИОГРАФИИ / УКАЗАТЕЛЯ
Текст примечания Библиогр.: с. 25-26
482 #0 - ПРИПЛЕТЕНО К
Встроенное поле 2001#$aÜber Alkoholhalluzinosen
-- 210##$aKönigsberg Pr.$d1938
-- 700#1$aMehring$bW.$4070
Заглавие Über Alkoholhalluzinosen
Автор Mehring, W.
606 0# - НАИМЕНОВАНИЕ ТЕМЫ КАК ПРЕДМЕТ
Наименование темы Беременность
Тематический подзаголовок Рентгенодиагностика
Код системы nlr_sh1
606 0# - НАИМЕНОВАНИЕ ТЕМЫ КАК ПРЕДМЕТ
Наименование темы Мертворождаемость
Код системы nlr_sh1
620 ## - МЕСТО И ДАТА ПУБЛИКАЦИИ, ИСПОЛНЕНИЯ И Т. Д.
Страна Калининград
686 ## - ИНДЕКСЫ ДРУГИХ КЛАССИФИКАЦИЙ
Индекс Ме17-10
Код системы
686 ## - ИНДЕКСЫ ДРУГИХ КЛАССИФИКАЦИЙ
Индекс Ме17-45
Код системы
700 #1 - ИМЯ ЛИЦА - ПЕРВИЧНАЯ ОТВЕТСТВЕННОСТЬ
Начальный элемент ввода Pieper
Часть имени, кроме начального элемента ввода W.
Даты 1913-
Расширение инициалов личного имени Wolfgang
801 #1 - ИСТОЧНИК ЗАПИСИ
Страна Российская Федерация
Организация Infocomm
Дата составления 20130320
801 #0 - ИСТОЧНИК ЗАПИСИ
Страна Российская Федерация
Организация INFOCOMM
Правила каталогизации PSBO
852 ## - МЕСТОНАХОЖДЕНИЕ И ШИФР ХРАНЕНИЯ
Идентификатор организации NLR
Шифр хранения (Call Number) Мд51 В-5/19 Аллиг.15
942 ## - ДОПОЛНИТЕЛЬНЫЕ ЭЛЕМЕНТЫ ЗАПИСИ (АБИС)
Тип экземпляра АБИС Книга
980 ## - КОЛЛЕКЦИЯ
Название коллекции Национальная библиография

Нет доступных экземпляров.